Θόλος

Αποθηκεύτηκε σε:
Λεπτομέρειες βιβλιογραφικής εγγραφής
Κύριος συγγραφέας: Χαραλαμπίδης, Κυριάκος, 1940-
Μορφή: Βιβλίο
Γλώσσα:Greek
Δημοσίευση: Αθήνα : Ερμής, 1991
Θέματα:
Ετικέτες: Προσθήκη ετικέτας
Δεν υπάρχουν, Καταχωρήστε ετικέτα πρώτοι!

MARC

LEADER 00000nam a2200000 i 4500
001 1/82499
008 970311s1991 gre d
035 |a 1992  |b 3  |c Δωρεά  |l 10033963 
040 |a GR-MY-UA  |b gre  |e aacr 
041 0 |a gre 
082 0 |a 889.1 
100 1 |a Χαραλαμπίδης, Κυριάκος,   |d 1940- 
245 1 0 |a Θόλος /  |c Κυριάκος Χαραλαμπίδης 
260 |a Αθήνα :   |b Ερμής,   |c 1991 
300 |a 59 σ. 
650 0 0 |a Greek poetry. 
650 0 0 |a Poetry  |x Collections. 
852 |a INST  |b RHODES  |e 19970311  |h 889.1 ΧΑΡ  |p 005400000345  |q 005400000345  |t BK  |y 0 
909 |a Ρ  |b 022296  |c 1992 
970 |z 2000/07/ΚΑΤΕΡΙΝΑ